| 000 | 00574nam a22002177a 4500 | ||
|---|---|---|---|
| 005 | 20251022124021.0 | ||
| 008 | 251022b |||||||| |||| 00| 0 eng d | ||
| 020 | _a9788119896356 | ||
| 040 | _cILCL | ||
| 041 |
_2eng _aeng |
||
| 084 | _aX64 R4 | ||
| 100 |
_aMishkin, Frederic S _9849193 |
||
| 245 | _aFinancial Markets and Institutions | ||
| 250 | _a10 | ||
| 260 |
_aNoida _bPearson Education _c2024 |
||
| 300 | _axxxvi,534p. | ||
| 700 |
_aEakins, Stanley G _9849194 |
||
| 700 |
_aJayakumar, Tulsi _9849195 |
||
| 700 |
_aManuj, Hemant _9849196 |
||
| 942 |
_2CC _cTB |
||
| 999 |
_c1464965 _d1464965 |
||